header

On the cohomology of certain noncompact Shimura varieties (Record no. 214302)

MARC details
000 -LEADER
fixed length control field 01236nam a2200301Ia 4500
100 1# - MAIN ENTRY--AUTHOR NAME
Personal name Morel, Sophie,
245 10 - TITLE STATEMENT
Title On the cohomology of certain noncompact Shimura varieties
260 ## - PUBLICATION, DISTRIBUTION, ETC. (IMPRINT)
Place of publication Princeton :
Name of publisher Princeton University Press,
Year of publication c2010.
300 ## - PHYSICAL DESCRIPTION
Number of Pages xi, 217 p. :
Other physical details ill.
490 0# - SERIES STATEMENT
Series statement Annals of mathematics ;
650 #0 - SUBJECT ADDED ENTRY--TOPICAL TERM
Topical Term Shimura varieties.
Topical Term Homology theory.
856 40 - ELECTRONIC LOCATION AND ACCESS
Uniform Resource Identifier http://site.ebrary.com/lib/rucke/Doc?id=10364754

No items available.

© 2026 Rongo University
Contact us: librarian | system librarian | Rongo university